Obálka Náhled e-knihy:
PDF Epub
Pro půjčování e-knih musíte být přihlášeni.
Jak si půjčit online?

Kočičí válečníci : nové proroctví. Východ měsíce /

Další díl volně navazující fantasy řady, kde hlavními hrdiny jsou divoké kočky ze čtyř klanů.

Uloženo v:
Série:Kočičí válečníci: Nové proroctví, část 2
Hlavní autor: Hunter, Erin (Autor)
Další autoři: Krenželoková, Beata, 1995- (Autor)
Médium: E-kniha
Jazyk:Czech
Vydáno: V Praze : Albatros, 2020
Vydání:1. vydání
Témata:
Příbuzné jednotky:Přeloženo z: Warriors: The new prophecy
Z cyklu:: Kočičí válečníci: Nové proroctví
Tagy:
Žádné tagy
LEADER 02681cam a2200529 i 4500
001 311219
003 CZ PrSKC
005 20260601215701.0
007 ta
008 200824s2020 xr a c 000 f cze d
015 |a cnb003243536 
020 |a 9788000059181  |q (brožováno) :  |c Kč 249,00 
035 |a (OCoLC)1230106062 
040 |a CBA001  |b cze  |d ABG001  |d OLA001  |d ABA001  |e rda 
041 1 |a cze  |h eng 
072 7 |a 821.111-3  |x Anglická próza, anglicky psaná  |2 Konspekt 
072 7 |a 821-93  |x Literatura pro děti a mládež (beletrie)  |2 Konspekt 
080 |a 821.111-31  |2 MRF 
080 |a 821-93  |2 MRF 
080 |a (0:82-312.9)  |2 MRF 
100 1 |a Hunter, Erin  |7 mzk2006363422  |4 aut 
240 1 0 |a Moonrise.  |l Česky 
245 1 0 |a Kočičí válečníci :  |b nové proroctví.  |p Východ měsíce /  |c Erin Hunterová ; z anglického originálu Warriors, the new prophecy - Moonrise ... přeložila Beata Krenželoková 
246 3 0 |a Východ měsíce 
250 |a 1. vydání 
264 1 |a V Praze :  |b Albatros,  |c 2020 
300 |a 268 stran :  |b ilustrace ;  |c 21 cm 
336 |a text  |b txt  |2 rdacontent 
337 |a bez média  |b n  |2 rdamedia 
338 |a svazek  |b nc  |2 rdacarrier 
520 2 |a Další díl volně navazující fantasy řady, kde hlavními hrdiny jsou divoké kočky ze čtyř klanů.  |b Ostrodráp a jeho společníci jsou právě v polovině své strastiplné výpravy. Loučí se s Půlnocí a vydávají se na cestu zpět do lesa, aby svým klanům vyřídili, jak se mohou zachránit před zkázou. Jenže ve skalách na ně číhá smrtící nebezpečí... Nakladatelská anotace. Kráceno 
521 8 |a Pro čtenáře od 9 let 
655 7 |a anglické romány  |7 fd131814  |2 czenas 
655 7 |a fantasy romány  |7 fd184199  |2 czenas 
655 7 |a publikace pro děti  |7 fd133156  |2 czenas 
655 9 |a English fiction  |2 eczenas 
655 9 |a fantasy novels  |2 eczenas 
655 9 |a children's literature  |2 eczenas 
700 1 |a Krenželoková, Beata,  |d 1995-  |7 xx0243991  |4 trl 
765 0 |t Warriors: The new prophecy 
787 0 8 |i Z cyklu:  |t Kočičí válečníci: Nové proroctví  |g 2 
900 |a ABA001  |b 20 
928 9 |a Albatros Media - Albatros 
044 |a xr 
910 |a RBIT002 
998 |d 208014  |a https://core.palmknihy.cz/api/books/208014/cover?si5xvc  |b https://core.palmknihy.cz/api/books/208014/cover/400?si5xvc  |c https://core.palmknihy.cz/api/books/208014/cover/50?si5xvc  |e 2029-09-24  |g 272  |i 9788000059181  |j https://core.palmknihy.cz/api/books/208014/preview.epub  |k https://core.palmknihy.cz/api/books/208014/preview.pdf  |l   |q 49  |r 1  |s https://www.palmknihy.cz/kniha/208014  |t ebook  |y 2020  |z 0  |v Kočičí válečníci: Nové proroctví  |w 2 
999 |d 311217